Statistiques concernant A-Z : Pays les plus riches

Cliquez ici pour prendre le quiz!

Statistiques générales

  • Ce quiz a été pris 1 823 fois
    (1 765 depuis la dernière actualisation)
  • Le résultat moyen est 16 sur 24

Statistiques - réponses

LettrePays% Correct
FFrance
96%
AAllemagne
91%
CChine
91%
EEtats-Unis
88%
DDanemark
86%
JJapon
84%
QQatar
82%
YYemen
80%
ZZambie
78%
HHongrie
77%
IInde
77%
BBrésil
76%
SSuisse
66%
VVenezuela
63%
GGrèce
60%
TTurquie
60%
MMexique
59%
RRoyaume-Uni
59%
UUkraine
57%
LLuxembourg
46%
OOuzbékistan
45%
PPays-Bas
39%
KKazakhstan
35%
NNigéria
32%

Distribution des résultats

Percentile par nombre de réponses

% des personnes avec chaque résultat

Votre développement - résultats

Vous n’avez pas pris ce quiz depuis la dernière actualisation